00736nam a2200181Ia 4500001001000000003000500010008004100015010001100056040000900067100003200076245021400108260003400322300001000356502009800366650002400464650001700488710004900505Para_5846CHAP220125s1970 xx 000 0 und d a204330 cCHAP aLópez Benítez, Servando aEnsayo de tres insecticidas a U.B.V. y uno convencional aplicados con equipo portatil para el combate del picudo del algodonero Anthonomus grandis Boh. en Apatzingán, Mich. /c por Servando López Benítez aChapingo, Méx. :b el autor a71 h. aTesis (Ing. Agr. Esp. Parasitología Agrícla) ENA. Departamento Parasitología Agrícola aAnthonomus grandis  aInsecticidas aENA. Departamento Parasitología Agrícola